000 00311nam a2200121Ia 4500
008 240614s9999 xx 000 0 und d
041 _aeng
100 _aNikhilananda, Swami
_9203852
245 _aVivekanand : A Biography
260 _bAdvait
_c2018
_aKolkata
300 _a392
650 _aAutobiography
_9205895
999 _c358749
_d358749